Cuisine traditionnelle française - Statistiques

Statistiques générales
  • Ce quiz a été pris 739 fois
  • Le résultat moyen est 7 sur 14
Statistiques - réponses
Par images Réponse % Correct
Millefeuille
90%
quiche lorraine
82%
blanquette de veau
79%
Hachis Parmentier
76%
clafoutis
74%
Tartiflette
73%
Cassoulet
70%
Pissaladiere
47%
Bouillabaisse
44%
coq-au-vin
21%
Gâteau basque
19%
piperade
10%
Baeckeoffe
2%
bourride
1%
Aucun quiz correspondant
Distribution des résultats
% des personnes avec chaque résultat
Percentile par nombre de réponses
Votre historique - résultats
Vous n’avez pas pris ce quiz